プロ野球 2010年以降 30盗塁以上を記録した選手 - Statistics

General Stats
  • This quiz has been taken 28 times
  • The average score is 48 of 60
Answer Stats
所属 選手名 盗塁 % Correct
2019 阪神 近本 光司 36
100%
2020 阪神 近本 光司 31
100%
2022 阪神 近本 光司 30
100%
2025 阪神 近本 光司 32
100%
2020 ソフトバンク 周東 佑京 50
100%
2023 ソフトバンク 周東 佑京 36
100%
2024 ソフトバンク 周東 佑京 41
100%
2025 ソフトバンク 周東 佑京 35
100%
2012 中日 大島 洋平 32
96%
2015 ヤクルト 山田 哲人 34
96%
2016 ヤクルト 山田 哲人 30
96%
2018 ヤクルト 山田 哲人 33
96%
2019 ヤクルト 山田 哲人 33
96%
2019 中日 大島 洋平 30
96%
2021 阪神 中野 拓夢 30
96%
2017 広島 田中 広輔 35
93%
2018 広島 田中 広輔 32
93%
2010 日本ハム 田中 賢介 34
93%
2011 日本ハム 糸井 嘉男 31
93%
2013 オリックス 糸井 嘉男 33
93%
2014 オリックス 糸井 嘉男 31
93%
2016 オリックス 糸井 嘉男 53
93%
2014 日本ハム 西川 遥輝 43
89%
2015 日本ハム 西川 遥輝 30
89%
2016 日本ハム 西川 遥輝 41
89%
2017 日本ハム 西川 遥輝 39
89%
2017 西武 源田 壮亮 37
89%
2018 日本ハム 西川 遥輝 44
89%
2018 西武 源田 壮亮 34
89%
2019 西武 源田 壮亮 30
89%
2020 日本ハム 西川 遥輝 42
89%
2023 楽天 小深田 大翔 36
89%
2015 日本ハム 中島 卓也 34
86%
2010 ソフトバンク 本多 雄一 59
82%
2011 ソフトバンク 本多 雄一 60
82%
2012 ソフトバンク 本多 雄一 34
82%
2014 ソフトバンク 柳田 悠岐 33
82%
2015 ソフトバンク 柳田 悠岐 32
82%
2016 西武 金子 侑司 53
82%
2018 西武 金子 侑司 32
82%
2019 西武 金子 侑司 41
82%
2010 西武 片岡 易之 59
75%
2022 ロッテ 髙部 瑛斗 44
68%
2014 DeNA 梶谷 隆幸 39
64%
2011 楽天 聖澤 諒 52
61%
2012 楽天 聖澤 諒 54
61%
2010 広島 梵 英心 43
57%
2010 ソフトバンク 川﨑 宗則 30
57%
2011 ソフトバンク 川﨑 宗則 31
57%
2012 西武 ヘルマン 41
57%
2013 西武 ヘルマン 40
57%
2014 オリックス ヘルマン 30
57%
2024 楽天 小郷 裕哉 32
57%
2010 横浜 石川 雄洋 36
54%
2011 ロッテ 岡田 幸文 41
50%
2018 ロッテ 中村 奨吾 39
50%
2019 オリックス 福田 周平 30
46%
2013 日本ハム 陽 岱鋼 47
39%
2011 ロッテ 伊志嶺 翔大 32
29%
2011 楽天 内村 賢介 31
29%
No matching quizzes found
Score Distribution
Percent of People with Each Score
Percentile by Number Answered
Your Score History
You have not taken this quiz